000 00834nam a2200265 a 4500
999 _c57686
_d57686
001 3377708
005 20201109134810.0
008 871119s2000 nyuaf 001 0 eng
010 _a 87410096
020 _a0060434791 (pbk.)
041 _aeng
080 _a612 k-20
100 1 _aKapit, Wynn.
_99438
245 1 4 _aThe physiology coloring book /
_cWynn Kapit, Robert I. Macey, Esmail Meisami.
250 _asecond edition
264 _aNew York,
_bLongman,
_c2000.
300 _a161p.
_bill. ;
_c28 cm.
500 _aIncludes index.
650 0 _aHuman physiology.
_99439
650 0 _aColoring books.
_99440
653 _aადამიანის ფიზიოლოგია
700 1 _aMacey, Robert I.
_eავტორი
_99441
700 1 _aMeisami, Esmail.
_eავტორი
_99442
942 _2udc
_cBK